00264nam a2200097Ia 4500008004100000082001200041100002100053245006400074260001300138600001500151241002s9999 xx 000 0 und d a954 CHA aCharles R. Moore 4aThe Indian Mind Essentials of Indian Philosophy and Culture aN/AcN/A aPhilosophy